000 01211nas1a22003491i 4500
001 RU\NLR\INFOCOMM16\1000078132
005 20240726061921.0
011 _a0235-0114
035 _a(NLR Aleph) 002527481
090 _a2818775
_c2818775
100 _a20040427b19881993|||y0rusy50 ca
101 0 _arus
102 _aRU
110 _azyu||||0|y0
200 1 _aМеталлоорганическая химия
_fАН СССР
210 _aМ.
_cНаука
_d1988-1993
311 _aПрекр. на Т.6, №3(1993)
712 0 2 _aАН СССР
_4570
712 0 2 _aРоссийская академия наук
_4570
801 1 _aRU
_bInfoComm
_c20040427
801 0 _aRU
_bNLR
_gPSBO
852 _aNLR
_jП8/1332
942 _cSE
980 _aRUSPER